Essential english for engineers príručka pre učiteľa a kľúč k cvičeniam

Bibliographic Details
Main Authors: Pichaničová, Natália (Author), McLeod, Scott (Author)
Format: Book
Language:English
PhysicalDescription:115 s. sch., tab. 30 cm
Published: [Košice Technická univerzita] c2001
ISBN:807099682X
Edition:2. dopl. vyd.
Subjects:

MARC

LEADER 00000nam a2200000 a 4500
001 vtls001431559
003 SK-MaSNL
005 20260302001911.0
008 240313s2001 xo p r y eng
015 |a SNBA2002/07-02438 
020 |a 807099682X 
035 |a SNK000386602 
035 |a urn:nbn:sk:snk-amlu2s 
035 |a urn:nbn:sk:snk-am00ccff 
035 |a AA908F41-4C36-44BB-AAD7-B3E07C6CE70A 
040 |a SNK  |b slo  |c SNK  |e AACR2 
041 0 |a eng 
044 |a xo  |c SK 
080 |a 802.0-316.4:62(072)  |2 1981 
080 |a 62(072)=20  |2 1981 
100 1 |a Pichaničová, Natália  |4 aut  |9 39549 
245 1 |a Essential english for engineers  |b príručka pre učiteľa a kľúč k cvičeniam  |c Natália Pichaničová & Scott McLeod 
250 |a 2. dopl. vyd. 
260 |a [Košice  |b Technická univerzita]  |c c2001 
300 |a 115 s.  |b sch., tab.  |c 30 cm 
500 |a 60 výt. 
650 0 7 |a angličtina  |x texty odborné technické  |x príručky metodické  |2 SNK  |9 638536 
655 7 |a príručky  |2 SNK  |9 74364 
700 1 |a McLeod, Scott  |4 aut  |9 45665 
919 |a 80-7099-682-X 
958 |a TL 
958 |a OND 
999 |c 985807  |d 987737 
952 |t P60, <03>, [BOOK], {603}  |a SNK  |b SNK  |y PREZ  |7 0  |p 17A0343639  |o snkSB 65022  |i snkKSP 5698/2002  |0 0  |1 0  |4 0  |d 2002-05-16  |f 1  |l 0  |r 2017-06-30 00:00:00  |w 2026-02-24 
952 |t P60, <04>, [BOOK], {604}  |a SNK  |b SNK  |y VYP  |7 0  |p 17A0343640  |o snkSB 65022 D1  |i snkKSP 5699/2002  |0 0  |1 0  |4 0  |d 2002-05-16  |l 0  |r 2005-01-02 00:00:00  |w 2026-02-24